Vainqueurs Epreuves UCI World Tour 2025 - Statistiques

Statistiques générales
  • Ce quiz a été pris 66 fois
  • Le résultat moyen est 22 sur 36
Statistiques - réponses
Épreuve Vainqueur % Correct
Tour des Emirats Arabes Unis (UAE Tour) Tadej Pogacar
100%
Strade Bianche Tadej Pogacar
100%
Tour des Flandres (Ronde van Vlaanderen) Tadej Pogacar
100%
Flèche Wallone Tadej Pogacar
100%
Liège-Bastogne-Liège Tadej Pogacar
100%
Critérium du Dauphiné Tadej Pogacar
100%
Tour de France Tadej Pogacar
100%
Tour de Lombardie (Il Lombardia) Tadej Pogacar
100%
Tour d'Espagne (Vuelta a España) Jonas Vingegaard
96%
Milan-Sanremo Mathieu Van der Poel
96%
Grand Prix E3 (E3 Saxo Bank Classic) Mathieu Van der Poel
96%
Paris-Roubaix Mathieu Van der Poel
96%
Tour d'Italie (Giro d'Italia) Simon Yates
82%
Grand Prix Cycliste de Québec Julian Alaphilippe
72%
Tour du Pays Basque (Itzulia Basque Country) Joao Almeida
68%
Tour de Romandie Joao Almeida
68%
Tour de Suisse Joao Almeida
68%
Tirreno-Adriatico Juan Ayuso
68%
Paris-Nice Matteo Jorgenson
60%
Gand-Wevelgem (Gent-Wevelgem in Flanders Fields) Mads Pedersen
58%
Tour de Catalogne (Volta Ciclista a Catalunya) Primoz Roglic
50%
Amstel Gold Race Mattias Skjelmose
48%
Tour de Pologne Brandon McNulty
40%
Grand Prix Cycliste de Montréal Brandon McNulty
40%
A travers la Flandre (Dwars door Vlaanderen) Neilson Powless
40%
Tour du Benelux (Renewi Tour) Arnaud De Lie
36%
Bretagne Classic CIC Arnaud De Lie
36%
Classica San Sebastian (Donostia San Sebastian Klasikoa) Giulio Ciccone
26%
Tour Down Under Jhonatan Narvaez
24%
Eschborn-Francfort (Eschborn-Frankfurt) Michael Matthews
16%
Het Niewsblad (Omloop Het Niewsblad) Soren Waerenskjold
16%
Cadel Evans Great Ocean Road Race Mauro Schmid
14%
Tour du Guangxi (Gree-Tour of Guangxi) Paul Double
12%
Copenhagen Sprint Jordi Meeus
10%
Hambourg Cyclassics (ADAC Cyclassics Hamburg) Rory Townsend
10%
Bruges-La Panne (Brugge-De Panne) Juan Sebastian Molano
8%
Aucun quiz correspondant
Distribution des résultats
% des personnes avec chaque résultat
Percentile par nombre de réponses
Votre historique - résultats
Vous n’avez pas pris ce quiz